000 00354nam a22001457a 4500
003 SGT
020 _a978-81-962763-7-9
082 _a615.10
_bPAT
100 _aPATIL, MS. RESHMA R.
245 _aA PRACTICAL MANUAL OF INDUSTRIAL PHARMACY -I
260 _aINDIA
_bIP PUB.
_c2023
300 _a124
650 _aINDUSTRIAL PHARMACY -I
942 _2ddc
_cBK
999 _c34206
_d34206